Kỹ thuật mạng máy tính

Đã lưu trong:
Sonraí Bibleagrafaíochta
Príomhúdar: Trần Công Hùng
Formáid: Leabhar
Teanga:Undetermined
Foilsithe: Tp. HCM Bưu Điện 2002
Ábhair:
Clibeanna: Cuir Clib Leis
Gan Chlibeanna, Bí ar an gcéad duine leis an taifead seo a chlibeáil!
Thư viện lưu trữ: Trung tâm Học liệu Trường Đại học Cần Thơ
LEADER 00524nam a2200181Ia 4500
001 CTU_51120
008 210402s9999 xx 000 0 und d
020 |b 50000 
082 |a 004.678 
082 |b H513 
100 |a Trần Công Hùng 
245 0 |a Kỹ thuật mạng máy tính 
245 0 |c Trần Công Hùng 
260 |a Tp. HCM 
260 |b Bưu Điện 
260 |c 2002 
650 |a client/server computing,internet,computer networks 
980 |a Trung tâm Học liệu Trường Đại học Cần Thơ